| 000 | 00672nam a2200205 a 4500 | ||
|---|---|---|---|
| 001 | 000034443 | ||
| 005 | 20200930073713.0 | ||
| 008 | 111004s1973 dr 000 0 spa d | ||
| 040 |
_aDO-SdBNP _bspa _cBNPHU |
||
| 082 |
_axxx _bN28 |
||
| 245 | 0 | 0 | _aNecesidades de energía y de proteinas. |
| 260 |
_aRoma : _bOrganización de las Naciones Unidas para la Agricultura y la Alimentación, _c1973. |
||
| 300 |
_a138 p. ; _c24 cm. |
||
| 490 | 1 |
_aInforme _vno. 52 |
|
| 490 | 1 |
_aInformes técnicos _vno. 522 |
|
| 500 | _aIncluye notas al pie de las páginas | ||
| 504 | _aBibliografía : p. 131-138 | ||
| 830 | 0 |
_aInforme _n52 _959876 |
|
| 830 | 0 |
_aInformes técnicos _n522 _959877 |
|
| 999 |
_c33934 _d33934 |
||